Dictionnaire n°3 - Statistiques

Statistiques générales
  • Ce quiz a été pris 251 fois
  • Le résultat moyen est 4 sur 10
Statistiques - réponses
Définitions Classe grammaticale Mots correspondants % Correct
Faire, en respirant pendant le sommeil; un fort bruit du nez Verbe Ronfler
99%
Cabine de pilote Nom Cockpit
65%
Sans détour Adjectif Direct
60%
En grande quantité, intésement Adverbe Beaucoup
48%
Confiserie à base d'amandes, de sucre et de miel Nom Nougat
43%
De la Suisse (autre que "suisse") Adjectif Helvétique
30%
Rendre licite Verbe Autoriser
28%
Chamois des Pyrénnées Nom Isard
27%
Mal équilibré Adjectif Instable
14%
Propager, répandre une information Verbe Colporter
7%
Aucun quiz correspondant
Distribution des résultats
% des personnes avec chaque résultat
Percentile par nombre de réponses
Votre historique - résultats
Vous n’avez pas pris ce quiz